| 000 | 00462nam a2200181Ia 4500 | ||
|---|---|---|---|
| 001 | 11875 | ||
| 005 | 20260306162900.0 | ||
| 008 | 260306t2025||||xx |||||||||||||| ||spa|| | ||
| 041 | _aESP | ||
| 082 |
_aHR 200 _bABR-JUN 2025 SALESIANUM |
||
| 110 | _aPontificiae Studiorum Universitatis Salesianae - Romae | ||
| 245 | 0 | _aSalesianum | |
| 260 | _c2025 | ||
| 300 |
_apáginas 228-437 : _c24 cm. |
||
| 650 | _aGEN | ||
| 654 | _aCHU | ||
| 942 |
_cREV _dJUS _fJUS _2ddc _n |
||
| 999 |
_c11875 _d11875 |
||